The Perception of Market and Economic Risks by Owners and Managers of Enterprises in the V4 Countries

Posúdenie vplyvu dĺžky podnikania na vnímanie najvýznamnejších podnikateľských rizík na Slovensku a vo Vyšehradskej skupine (krajiny V4). Význam a dôležitosť hodnotenia podnikateľských rizík v krajinách V4. Empirický výskum.

Guardado en:
Detalles Bibliográficos
Autor principal: Hudáková, Mária
Otros Autores: Gabryšová, Marie, Petráková, Zora, Buganová, Katarína, Krajčík, Vladimír
Formato: Capítulo de libro
Lenguaje:inglés
Materias:
Etiquetas: Agregar Etiqueta
Sin Etiquetas, Sea el primero en etiquetar este registro!

MARC

LEADER 00000naa a2200000 4500
001 0282704
005 20220316092541.0
041 0 |a eng 
044 |a CZ 
245 1 0 |a The Perception of Market and Economic Risks by Owners and Managers of Enterprises in the V4 Countries  |c Mária Hudáková, Marie Gabryšová, Zora Petráková, Katarína Buganová, Vladimír Krajčík 
520 |a Posúdenie vplyvu dĺžky podnikania na vnímanie najvýznamnejších podnikateľských rizík na Slovensku a vo Vyšehradskej skupine (krajiny V4). Význam a dôležitosť hodnotenia podnikateľských rizík v krajinách V4. Empirický výskum. 
610 2 0 |a riziko trhové 
610 2 0 |a riadenie rizík 
610 2 0 |a podnik 
610 2 0 |a podnikanie 
610 2 0 |a výskum 
610 2 0 |a Slovensko 
610 2 0 |a Vyšehradská štvorka 
100 1 |a Hudáková, Mária 
700 1 |a Gabryšová, Marie 
700 1 |a Petráková, Zora 
700 1 |a Buganová, Katarína 
700 1 |a Krajčík, Vladimír